Random German to English - Countries - Statistics

General Stats
  • This quiz has been taken 966 times
  • The average score is 18 of 20
Answer Stats
German English % Correct
Norwegen Norway
100%
Dänemark Denmark
99%
Spanien Spain
99%
Belgien Belgium
98%
Argentinien Argentina
97%
Australien Australia
97%
Jamaika Jamaica
97%
Russland Russia
97%
Schweden Sweden
97%
Algerien Algeria
96%
Armenien Armenia
96%
Bolivien Bolivia
96%
Brasilien Brazil
96%
Kroatien Croatia
96%
Deutschland Germany
96%
Indien India
96%
Indonesien Indonesia
96%
Italien Italy
96%
Albanien Albania
95%
Kuba Cuba
95%
Ägypten Egypt
95%
Finnland Finland
95%
Georgien Georgia
95%
Irland Ireland
95%
Libyen Libya
95%
Luxemburg Luxembourg
95%
Madagaskar Madagascar
95%
Mexiko Mexico
95%
Mongolei Mongolia
95%
Syrien Syria
95%
Türkei Turkey
95%
Bulgarien Bulgaria
94%
Demokratische Republik Kongo Dem. Rep. of the Congo
94%
Kenia Kenya
94%
Philippinen Philippines
94%
Republik Kongo Rep. of the Congo
94%
Rumänien Romania
94%
Südkorea South Korea
94%
Kanada Canada
93%
Irak Iraq
93%
Libanon Lebanon
93%
Nordkorea North Korea
93%
Polen Poland
93%
Katar Qatar
93%
Ruanda Rwanda
93%
Saudi-Arabien Saudi Arabia
93%
Singapur Singapore
93%
Südsudan South Sudan
93%
Bosnien und Herzegowina Bosnia and Herzegovina
92%
Tschad Chad
92%
Kolumbien Colombia
92%
Jordanien Jordan
92%
Kasachstan Kazakhstan
92%
Papua-Neuguinea Papua New Guinea
92%
Slowenien Slovenia
92%
Dominikanische Republik Dominican Republic
91%
Frankreich France
91%
Marokko Morocco
91%
Niederlande Netherlands
91%
Serbien Serbia
91%
Trinidad und Tobago Trinidad and Tobago
91%
Tunesien Tunisia
91%
Vereinigte Arabische Emirate United Arab Emirates
91%
Jemen Yemen
91%
São Tomé und Príncipe São Tomé and Príncipe
90%
Usbekistan Uzbekistan
90%
Simbabwe Zimbabwe
90%
Antigua und Barbuda Antigua and Barbuda
89%
Kambodscha Cambodia
89%
Litauen Lithuania
89%
Mosambik Mozambique
89%
Kamerun Cameroon
88%
Äquatorial-Guinea Equatorial Guinea
88%
Gabun Gabon
88%
Island Iceland
88%
Kirgisistan Kyrgyzstan
88%
Slowakei Slovakia
88%
Südafrika South Africa
88%
Tansania Tanzania
88%
Bangladesch Bangladesh
87%
Kap Verde Cape Verde
87%
Föderierte Staaten von Mikronesien Fed. States of Micronesia
87%
St. Kitts und Nevis Saint Kitts and Nevis
87%
Schweiz Switzerland
87%
Österreich Austria
86%
Zentralafrikanische Republik Central African Republic
86%
Nordmazedonien North Macedonia
86%
Vatikanstadt Vatican City
86%
Dschibuti Djibouti
85%
Mauretanien Mauritania
85%
Moldawien Moldova
85%
Sambia Zambia
85%
Aserbaidschan Azerbaijan
84%
Seychellen Seychelles
84%
St. Vincent und die Grenadinen St. Vincent and the Grenadines
84%
Tadschikistan Tajikistan
84%
Äthiopien Ethiopia
83%
Malediven Maldives
82%
Birma Myanmar
80%
Fidschi Fiji
77%
Marshallinseln Marshall Islands
76%
Swasiland Swaziland
76%
Neuseeland New Zealand
75%
Griechenland Greece
74%
Osttimor East Timor
71%
Estland Estonia
70%
Vereinigte Staaten United States
70%
Komoren Comoros
67%
Salomonen Solomon Islands
67%
Weißrussland Belarus
66%
Zypern Cyprus
64%
Vereinigtes Königreich United Kingdom
61%
Tschechien Czech Republic
60%
Lettland Latvia
60%
Ungarn Hungary
50%
Elfenbeinküste Ivory Coast
43%
No matching quizzes found
Score Distribution
Percent of People with Each Score
Percentile by Number Answered
Your Score History
You have not taken this quiz